1737 1250 1058 1565 1108 1310 1905 1181 1555 1205 1873 1981 1942 1659 1261 1372 1908 1105 1008 1212 1045 1899 1446 1335 1552 1614 1660 1482 1335 1023 1423 1595 1017 1298 1370 1143 1033 1366 1121 1479 1241 1098 1689 1502 1722 1620 1922 1476 1915 1965 1284 1701 1149 1797 1767 1945 1370 1910 1623 1082 1937 1489 1919 1797 1739 1117 1870 1341 1885 1288 1414 1661 1275 1843 1982 1242 1629 1776 1696 1379 1335 1458 1316 1222 1937 1853 1744 1134 1082 1917 1903 1983 1889 1077 1331 1018 1955 1871 1275 BCNSPRNW ULIB Ver.6.0+V

เปลี่ยนเป็นภาษาไทย

Change to English
 แสดงรายละเอียดบรรณานุกรม
  กลับหน้าหลัก

Brief Record : Get Marc (ISO 2709) : E-mail record : QR code < ปิดหน้าต่าง
LEADER : 00000nam 2200000uu 4500
001    13399126452
003     ULIB
008    180918s2557||||th 000 0 tha d
020    ^a9789740327912
050  4 ^aLB1590.3^bช149ก
100 0  ^aชนาธิป พรกุล
245 10 ^aการสอนกระบวนการคิด :^bทฤษฎีและการนำไปใช้ /^cชนาธิป พรกุล
250    ^aพิมพ์ครั้งที่ 3
260    ^aกรุงเทพฯ :^bสำนักพิมพ์แห่งจุฬาลงกรณ์มหาวิทยาลัย,^c2557
300    ^a454 หน้า :^bภาพประกอบ
650  7 ^aความคิดและการคิด
650  7 ^aทักษะทางการคิด
650  7 ^aการสอน
945    ^p310^l0^i26686
945    ^p310^l0^i26687
945    ^p310^l0^i26655
999    ^aกัณชพร จุลอักษร
รายการนี้ยังไม่มีแท็ก
คุณยังไม่ได้ล็อกอิน คุณสามารถมีกิจกรรมร่วมกับเว็บไซต์ได้ แต่ต้องล็อกอินก่อน ::
  ล็อกอิน

รายการสื่อสารสนเทศ

ลำดับที่ ประเภท เลขเรียก/บาร์โค้ด สถานที่ สถานะ
1. วิทยาศาสตร์การแพทย์ และสุขภาพ
วิทยาศาสตร์การแพทย์ และสุขภาพ
LB1590.3 ช149ก ฉ.1 
  Barcode: 26655
ห้องสมุดวิทยาเขตนครสวรรค์
►หนังสือทั่วไป:l:General Books
บนชั้น
2. วิทยาศาสตร์การแพทย์ และสุขภาพ
วิทยาศาสตร์การแพทย์ และสุขภาพ
LB1590.3 ช149ก ฉ.2 
  Barcode: 26686
ห้องสมุดวิทยาเขตนครสวรรค์
►หนังสือทั่วไป:l:General Books
บนชั้น
3. วิทยาศาสตร์การแพทย์ และสุขภาพ
วิทยาศาสตร์การแพทย์ และสุขภาพ
LB1590.3 ช149ก ฉ.3 
  Barcode: 26687
ห้องสมุดวิทยาเขตนครสวรรค์
►หนังสือทั่วไป:l:General Books
บนชั้น

รายการใกล้เคียง
    ผู้แต่ง [ชนาธิป พรกุล]

    หัวเรื่อง [ความคิดและการคิด]
    หัวเรื่อง [ทักษะทางการคิด]
    หัวเรื่อง [การสอน]

BibComment


ยังไม่เคยถูกคอมเมนท์

คอมเมนท์ทรัพยากรรายการนี้
  คอมเมนท์: การสอนกระบวนการค..


 Copyright 2026. Bcnsprnw @Library